La inquisición en España / (Record no. 94129)

MARC details
000 -LEADER
campo de control de longitud fija 01379cam a2200313I 4500
001 - NÚMERO DE CONTROL
campo de control 83847
005 - FECHA Y HORA DE LA ÚLTIMA TRANSACCIÓN
campo de control 20230410142343.0
008 - DATOS DE LONGITUD FIJA--INFORMACIÓN GENERAL
campo de control de longitud fija 750127s19541936sp chf b 001 0 spa d
010 ## - NÚMERO DE CONTROL DE LA BIBLIOTECA DEL CONGRESO
Número de control de LC 41001285
035 ## - NÚMERO DE CONTROL DEL SISTEMA
Número de control de sistema (OCoLC)ocm01153269
040 ## - FUENTE DE CATALOGACIÓN
Centro catalogador/agencia de origen HVC
Centro/agencia transcriptor HVC
Centro/agencia modificador OCLCQ
035 ## - NÚMERO DE CONTROL DEL SISTEMA
Número de control de sistema (OCoLC)1153269
043 ## - CÓDIGO DE ÁREA GEOGRÁFICA
Código de área geográfica e-sp---
050 14 - SIGNATURA TOPOGRÁFICA DE LA BIBLIOTECA DEL CONGRESO
Número de clasificación BX 1735
Número de ítem L792i 1954
049 ## - FONDOS LOCALES (OCLC)
Biblioteca depositaria GRAL
100 1# - ENTRADA PRINCIPAL--NOMBRE DE PERSONA
Nombre de persona Llorca, Bernardino.
245 13 - MENCIÓN DEL TÍTULO
Título La inquisición en España /
Mención de responsabilidad, etc. Bernardino Llorca, S.J.
250 ## - MENCION DE EDICION
Mención de edición 3a ed.
260 ## - PUBLICACIÓN, DISTRIBUCIÓN, ETC.
Lugar de publicación, distribución, etc. Barcelona :
Nombre del editor, distribuidor, etc. Editorial Labor,
Fecha de publicación, distribución, etc. 1954 c1936.
300 ## - DESCRIPCIÓN FÍSICA
Extensión xi 319 p., 2 l pl. :
Otras características físicas ill., port. facsims.;
Dimensiones 19 cm.
440 #0 - MENCIÓN DE SERIE/PUNTO DE ACCESO ADICIONAL--TÍTULO
Título Colección Pro Ecclesia Et Patria;
Designación de volumen o secuencia 12
504 ## - NOTA DE BIBLIOGRAFÍA, ETC.
Nota de bibliografía, etc. Includes bibliographical references: (p. [317]-319) and index
505 0# - NOTA DE CONTENIDO CON FORMATO
Nota de contenido con formato La inquisición medieval en la Península Ibérica-- Establecimiento de la Inquisición española-- Primera actividad de la Inquisición española-- Organización de la Inquisición-- El primer inquisidor general, fray Tomás de Torquemada-- Procedimientos: denuncias y acusación-- Defensa y pruebas de testigos-- Castigos de la inquisición. Auto de fe-- Acontecimientos más notables de la inquisición-- Cuestiones generales. Fin de la inquisición.
650 #0 - PUNTO DE ACCESO ADICIONAL DE MATERIA--TÉRMINO DE MATERIA
Término de materia o nombre geográfico como elemento de entrada Inquisition
Subdivisión geográfica Spain.
651 #4 - PUNTO DE ACCESO ADICIONAL DE MATERIA--NOMBRE GEOGRÁFICO
Nombre geográfico Inquisición
Subdivisión geográfica España
650 #4 - PUNTO DE ACCESO ADICIONAL DE MATERIA--TÉRMINO DE MATERIA
Término de materia o nombre geográfico como elemento de entrada CFB
650 #4 - PUNTO DE ACCESO ADICIONAL DE MATERIA--TÉRMINO DE MATERIA
Término de materia o nombre geográfico como elemento de entrada Colección Font Bernard
942 ## - ELEMENTOS DE ENTRADA SECUNDARIOS (KOHA)
Fuente del sistema de clasificación o colocación Clasificación de Library of Congress
Tipo de ítem Koha
Holdings
Estatus retirado Estado de pérdida Fuente del sistema de clasificación o colocación Estado de daño No para préstamo Colección Biblioteca de origen Biblioteca actual Ubicación en estantería Fecha de adquisición Serial enumeration / chronology Signatura topográfica completa Código de barras Visto por última vez Copia número Tipo de ítem Koha
    Clasificación de Library of Congress     Humanidades Biblioteca Juan Bosch Biblioteca Juan Bosch Humanidades (4to. Piso) 10/04/2023 1 BX 1735 L792i 1954 00000075650 17/11/2018 1